Survivor Returning Players - Statistics

General Stats
  • This quiz has been taken 120 times
    10 since last reset
  • The average score is 85 of 121
Answer Stats
Castaway Seasons Place % Correct
Adam Klein 33- Millennials vs Gen X 1
86%
Ami Cusack 9- Vanuatu 6
86%
Angelina Keeley 37- David vs Goliath 3
86%
Aubry Bracco 32- Kaoh Rong 2
86%
Ben Driebergen 35- Heroes vs Healers vs Hustlers 1
86%
"Boston" Rob Mariano 4- Marquesas 10
86%
Chrissy Hofbeck 35- Heroes vs Healers vs Hustlers 2
86%
"Coach" Wade 18- Tocantins 5
86%
Colby Donaldson 2- Australian Outback 2
86%
Dee Valladares 45 1
86%
Jenna Lewis 1- Borneo 8
86%
Jenna Morasca 6- Amazon 1
86%
Jonathan Young 42 4
86%
J.T Thomas 18- Tocantins 1
86%
Michele Fitzgerald 32- Kaoh Rong 1
86%
Mike White 37- David vs Goliath 2
86%
Nick Wilson 37- David vs Goliath 1
86%
Rick Devens 38- Edge of Extinction 4
86%
Rizo Velovic 49 4
86%
Rudy Boesch 1- Borneo 3
86%
Rupert Boneham 7- Pearl Islands 8
86%
Sarah Lacina 28- Cagayan 11
86%
Savannah Louie 49 1
86%
Sue Hawk 1- Borneo 4
86%
Tiffany Nicole Ervin 46 8
86%
Tina Wesson 2- Australian Outback 1
86%
Tyson Apostol 18- Tocantins 8
86%
Wendell Holland 36- Ghost Island 1
86%
Amanda Kimmel 15- China 3
71%
Amber Mariano 2- Australian Outback 6
71%
Andrea Boehlke 22- Redemption Island 5
71%
Aras Bauskauskas 12- Panama 1
71%
Bobby Jon Drinkard 10- Palau 10
71%
Brad Culpepper 27- Blood vs Water 15
71%
Brandon Hantz 23- South Pacific 6
71%
Bruce Perreault 44 18
71%
Candice Woodcock 13- Cook Islands 8
71%
Charlie Davis 46 2
71%
Christian Hubicki 37- David vs Goliath 7
71%
Ciera Eastin 27- Blood vs Water 5
71%
Cirie Fields 12- Panama 4
71%
Corinne Kaplan 17- Gabon 7
71%
Courtney Yates 15- China 2
71%
Danielle DiLorenzo 12- Panama 2
71%
Danni Boatwright 11- Guatemala 1
71%
David Wright 33- Millennials vs Gen X 4
71%
Denise Stapely 25- Philippines 1
71%
Eliza Orlins 9- Vanuatu 4
71%
Emily Flippen 45 7
71%
Erik Reichenbach 16- Micronesia 5
71%
Ethan Zohn 3- Africa 1
71%
Francesca Hogi 22- Redemption Island 18
71%
Gervase Peterson 1- Borneo 7
71%
James Clement 15- China 7
71%
Jeremy Collins 29- San Juan Del Sur 10
71%
Jerri Manthey 2- Australian Outback 8
71%
Joe Hunter 48 3
71%
John Cochran 23- South Pacific 8
71%
Jonathan Penner 13- Cook Islands 7
71%
Jonny "Fairplay" 7- Pearl Islands 3
71%
Kamilla Karthigesu 48 4
71%
Kass McQuillen 28- Cagayan 3
71%
Kat Edorsson 24- One World 7
71%
Kathy O'Brien 4- Marquesas 3
71%
Keith Nale 29- San Juan Del Sur 4
71%
Kelley Wentworth 29- San Juan Del Sur 14
71%
Kelly Wiglesworth 1- Borneo 2
71%
Kimmi Kappenberg 2- Australian Outback 12
71%
Kim Spradlin 24- One World 1
71%
Kyle Fraser 48 1
71%
Lex van den Berghe 3- Africa 3
71%
Malcolm Freberg 25- Philippines 4
71%
Natalie Anderson 29- San Juan Del Sur 1
71%
Ozzy Lusth 13- Cook Islands 2
71%
Parvati Shallow 13- Cook Islands 6
71%
Phillip Sheppard 22- Redemption Island 2
71%
Q Burdette 46 6
71%
Randy Bailey 17- Gabon 8
71%
Richard Hatch 1- Borneo 1
71%
Rob Cesternino 6- Amazon 3
71%
Russell Hantz 19- Samoa 2
71%
Sandra Diaz-Twine 7- Pearl Islands 1
71%
Sophie Clarke 23- South Pacific 1
71%
Spencer Bledsoe 28- Cagayan 4
71%
Stephen Fishbach 18- Tocantins 2
71%
Stephenie LaGrossa 10- Palau 7
71%
"Sugar" Kiper 17- Gabon 3
71%
Tai Trang 32- Kaoh Rong 3
71%
Tasha Fox 28- Cagayan 6
71%
Terry Deitz 12- Panama 3
71%
Tom Buchanan 3- Africa 4
71%
Tom Westman 10- Palau 1
71%
Tony Vlachos 28- Cagayan 1
71%
Woo Hwang 28- Cagayan 2
71%
Yau-Man Chan 14- Fiji 4
71%
Yul Kwon 13- Cook islands 1
71%
Andrew Savage 7- Pearl Islands 10
57%
Brenda Lowe 21- Nicaragua 10
57%
Dawn Meehan 23- South Pacific 10
57%
Genevieve Mushaluk 47 5
57%
Jeff Varner 2- Australian Outback 10
57%
Joe Anglim 30- Worlds Apart 10
57%
Michaela Bradshaw 33- Millennials vs Gen X 14
57%
Michael Skupin 2- Australian Outback 11
57%
Peih-Gee Law 15- China 5
57%
Russell Swan 19- Samoa 14
57%
Shii Ann Huang 5- Thailand 10
57%
Troyzan Robertson 24- One World 8
57%
Vytas Bauskauskas 27- Blood vs Water 10
57%
Zeke Smith 33- Millennials vs Gen X 9
57%
Abi-Maria Gomes 25- Philippines 5
43%
Alicia Calaway 2- Australian Outback 9
43%
Caleb Reynolds 32- Kaoh Rong 15
43%
Colton Cumbie 24- One World 13
43%
Debbie Warner 32- Kaoh Rong 9
43%
Hali Ford 30- Worlds Apart 11
43%
Laura Morett 19- Samoa 10
43%
Monica Culpepper 24- One World 14
43%
Monica Padilla 19- Samoa 7
43%
Shirin Oskooi 30- Worlds Apart 8
43%
Sierra Dawn Thomas 30- Worlds Apart 5
29%
No matching quizzes found
Score Distribution
Percent of People with Each Score
Percentile by Number Answered
Your Score History
You have not taken this quiz since the last reset